Ancient Rome by letter: 'B' - Statistics

General Stats
  • This quiz has been taken 84 times
  • The average score is 6 of 16
Answer Stats
Question Answer % Correct
Warrior queen of the Iceni Boudica
90%
Roman god of wine Bacchus
88%
Assassin and adopted son of Julius Caesar Brutus
86%
Term for a tribal non-Roman, particularly those in Gaul and Germania Barbarian
65%
A Roman province first visited by Julius Caesar, but conquest would not begin until 43 CE (Latin name) Britannia
62%
A tribe of Northern Gaul that gives Belgium its name Belgae
40%
Gallic chieftain who led the sack of Rome in 387 BCE Brennus
32%
An ancient region and kingdom of Asia Minor, which became a Roman province in 74 BCE Bithynia
31%
The Appian Way connected Rome to this port town Brundisium
29%
A type of gladiator who went into combat with beasts (plural) Bestiarii
18%
A building in the forum where legal business was carried out Basilica
9%
Philosopher of the early sixth century who wrote 'The Consolation of Philosophy' Boethius
9%
An amulet worn by children around the neck, supposedly to bring good luck Bulla
9%
Eastern Roman Emperor between 475 and 476 CE Basiliscus
8%
A type of trouser worn by Gauls, which translates from Latin into 'trousers' Braccae
6%
Prefect of the Praetorian Guard under Claudius and Nero; known for his plain speaking Burrus
5%
No matching quizzes found
Score Distribution
Percent of People with Each Score
Percentile by Number Answered
Your Score History
You have not taken this quiz